000 00623nam a22002177a 4500
003 OSt
005 20240227101859.0
008 181206t pk g |||| 00| 0 urd d
040 _c0
082 _a150.1986
_bQAS 2017
100 1 _aShah, Qasim Ali
_912591
245 1 0 _aApni Talash
_cQasim Ali Shah
246 _aMans search for himself
260 _aLahore:
_bNaye Sooch,
_c2017.
300 _a176 p.
650 1 0 _aSelf perception
_9112678
650 1 0 _aHumanistic Psychology
_9121395
650 1 0 _aPsychology,Applied
_94078
650 1 0 _aMans search for himself
_9121396
942 _2ddc
_cBK
_aSADA
_k150.1986 QAS 2017
999 _c608298
_d608298